Statistics for Players who have scored 4 or more goals in PL match

Click here to take the quiz!

General Stats

  • This quiz has been taken 19 times
  • The average score is 4 of 12

Answer Stats

Year(Goals)Answer% Correct
1995(5) | 1999(4)Cole
72%
1998(4)Owen
67%
1995(4) | 1996(4)Fowler
61%
1999(4)Solskjaer
28%
2000(4)Hasselbaink
28%
2000(4)Viduka
22%
1998(4)Klinsmann
11%
1999(4)Solskjaer
11%
1997(4)Vialli
6%
1993(4)Ekoku
0%

Score Distribution

Percentile by Number Answered

Percent of People with Each Score

Your Score History

You have not taken this quiz